000 00350 a2200157 4500
001 151079
040 _cEscola São Tomás de Aquino
100 _aBANDEIRA, Pedro
240 1 0 _aAgora estou sozinha
_lpor
245 1 0 _aAgora estou sozinha
300 _a120
362 0 _a2009
440 1 _aModerna
697 _a*LITERATURA JUVENIL
942 _cBK
999 _c151079
_d151079